000 00618nam a2200193Ia 4500
003 GCL
008 140319s9999 xx 000 0 ara d
040 _aGCL /
_cGCL
082 0 4 _a823.03
_bا ا
100 1 _aكرلوديك, ارسكين
245 1 0 _aالابيض والاسود من اروع قصص الاضطهاد العنصرى فى امريكا /
_cكرلوديك, ارسكين
700 1 _aمحمد محمود الاهوانى
300 _a197 ص
490 _aروايات عالمية
_v0
650 0 4 _aالادب الامريكى
650 0 4 _aالقصص
650 0 4 _aالقصة
942 _2ddc
_cBK
999 _c38139
_d38139